000
00298nam a22001457a 4500
008
210511b ||||| |||| 00| 0 eng d
020
_a
t 4202
041
_a
eng
080
_a
82
082
_a
82
100
_a
21
101
_a
GJL
245
_a
Emma Lazarus
_c
Matina S.Horner
942
_2
udc
_c
BK
999
_c
57186
_d
57186